|
|
|
|
| LEADER |
02062nam a2200481 a 4500 |
| 001 |
nkc20071758454 |
| 003 |
CZ PrNK |
| 005 |
20071213084812.0 |
| 007 |
ta |
| 008 |
071025s2007 xr e 100 0 eng |
| 015 |
|
|
|a cnb001758454
|
| 020 |
|
|
|a 978-80-7375-084-8
|q (brož.)
|
| 035 |
|
|
|a (OCoLC)190753748
|
| 040 |
|
|
|a ABA001
|b cze
|
| 072 |
|
7 |
|a 630
|x Lesnictví
|2 Konspekt
|9 24
|
| 080 |
|
|
|a 630
|2 MRF
|
| 080 |
|
|
|a 712.2:005.56
|2 MRF
|
| 080 |
|
|
|a (062.534)
|2 MRF
|
| 080 |
|
|
|a (048.3)
|2 MRF
|
| 111 |
2 |
|
|a Landscape Management - Present and Future
|d (2007 :
|c Křtiny, Česko)
|7 kn20071031008
|
| 245 |
1 |
0 |
|a Landscape Management - Present and Future :
|b international scientific conference : 13th-14th September 2007, Brno-Křtiny, Czech Republic : abstracts /
|c Mendel University of Agriculture and Forestry in Brno, Faculty of Forestry and Wood Technology, Department of Landscape Management ; [editors Petr Hrůza, Alice Kozumplíková, Jitka Fialová]
|
| 250 |
|
|
|a Ed. 1st
|
| 260 |
|
|
|a Brno :
|b Mendel University of Agriculture and Forestry,
|c 2007
|
| 300 |
|
|
|a 27 s. ;
|c 21 cm
|
| 500 |
|
|
|a 50 výt.
|
| 650 |
0 |
7 |
|a lesní hospodářství
|7 ph115114
|2 czenas
|
| 650 |
0 |
7 |
|a krajinotvorné programy
|7 ph254478
|2 czenas
|
| 650 |
0 |
9 |
|a forest management
|2 eczenas
|
| 650 |
0 |
9 |
|a landscape management programs
|2 eczenas
|
| 655 |
|
7 |
|a sborníky konferencí
|7 fd133333
|2 czenas
|
| 655 |
|
7 |
|a abstrakta
|7 fd131780
|2 czenas
|
| 655 |
|
9 |
|a proceedings of conferences
|2 eczenas
|
| 655 |
|
9 |
|a abstracts
|2 eczenas
|
| 700 |
1 |
|
|a Hrůza, Petr,
|d 1968-
|7 mzk2003208468
|4 edt
|
| 700 |
1 |
|
|a Kozumplíková, Alice,
|d 1981-
|7 mzk2007417610
|4 edt
|
| 700 |
1 |
|
|a Fialová, Jitka,
|d 1979-
|7 mzk2007417611
|4 edt
|
| 710 |
2 |
|
|a Mendelova zemědělská a lesnická univerzita.
|b Ústav tvorby a ochrany krajiny
|7 olak2007396388
|
| 910 |
2 |
|
|a BOA001
|b 2-1194.125
|
| 928 |
9 |
|
|a Mendelova zemědělská a lesnická univerzita
|
| 990 |
|
|
|a BK
|
| 995 |
|
|
|a 01
|
| 991 |
|
|
|b 200711
|c NOV
|
| 996 |
6 |
|
|b 2610324403
|c 2-1194.125
|l MZK
|r Sklad / do 1 hodiny
|n 2
|p p.v.
|w 000871001
|u 000010
|a 1
|e BOA001
|j MZK50
|s P
|